[Event "NED-ch U12 op"]
[Site "Borne"]
[Date "2019.08.09"]
[Round "10"]
[White "Zoet, Otto"]
[Black "Elferink, Leon"]
[Result "1/2-1/2"]
[WhiteElo "1146"]
[BlackElo "821"]
[PlyCount "82"]
[EventDate "2019.08.05"]
[EventType "swiss"]
[EventRounds "13"]
[EventCountry "NED"]
[SourceTitle "EXT 2020"]
[Source "ChessBase"]
[SourceDate "2019.10.17"]
[SourceVersion "1"]
[SourceVersionDate "2019.10.17"]
[SourceQuality "1"]

1. e4 d6 2. Nf3 Nf6 3. Nc3 Nbd7 4. d4 e5 5. Bg5 Be7 6. dxe5 Nxe5 7. Nxe5 dxe5 8. Qxd8+ Bxd8 9. 0-0-0 Bd7 10. Bxf6 Bxf6 11. Nd5 0-0-0 12. Bc4 Be6 13. Bb3 Bxd5 14. Bxd5 Bg5+ 15. Kb1 f6 16. Rd3 c6 17. Be6+ Kc7 18. Rhd1 Rxd3 19. Rxd3 Rd8 20. Rxd8 Kxd8 21. c3 Ke7 22. Bc8 b6 23. Bb7 c5 24. Bd5 Kd6 25. Bg8 h5 26. Kc2 h4 27. h3 Bh6 28. Bh7 g5 29. Bf5 Bf8 30. a3 Be7 31. b4 Kc7 32. Kd3 cxb4 33. cxb4 a5 34. Kc4 axb4 35. axb4 Kc6 36. b5+ Kd6 37. g3 hxg3 38. fxg3 Bd8 39. h4 gxh4 40. gxh4 Be7 41. h5 Bf8 1/2-1/2